The preparation of sermons / (Record no. 4196)
[ view plain ]
| 000 -LEADER | |
|---|---|
| fixed length control field | 00622cam a22002171a 4500 |
| 001 - CONTROL NUMBER | |
| control field | 0000004354 |
| 003 - CONTROL NUMBER IDENTIFIER | |
| control field | OSt |
| 005 - DATE AND TIME OF LATEST TRANSACTION | |
| control field | 20140825164208.0 |
| 008 - FIXED-LENGTH DATA ELEMENTS--GENERAL INFORMATION | |
| fixed length control field | 900926s1948 nyu 000 0 eng |
| 035 ## - SYSTEM CONTROL NUMBER | |
| System control number | rgt65457994 |
| 040 ## - CATALOGING SOURCE | |
| Original cataloging agency | PUL |
| Transcribing agency | PUL |
| 050 ## - LIBRARY OF CONGRESS CALL NUMBER | |
| Classification number | BV4211 |
| Item number | .B43 1948 |
| 100 10 - MAIN ENTRY--PERSONAL NAME | |
| Personal name | Blackwood, Andrew Watterson, |
| Dates associated with a name | 1882-. |
| 245 14 - TITLE STATEMENT | |
| Title | The preparation of sermons / |
| Statement of responsibility, etc | Andrew Watterson Blackwood. --. |
| 260 0# - PUBLICATION, DISTRIBUTION, ETC. (IMPRINT) | |
| Place of publication, distribution, etc | New York ; |
| -- | Nashville, Tenn. : |
| Name of publisher, distributor, etc | Abingdon Press, |
| Date of publication, distribution, etc | c1948. |
| 300 ## - PHYSICAL DESCRIPTION | |
| Extent | 272 p. ; |
| Dimensions | 23 cm. |
| 500 ## - GENERAL NOTE | |
| General note | Includes indexes and bibliographies. |
| 650 #0 - SUBJECT ADDED ENTRY--TOPICAL TERM | |
| Topical term or geographic name as entry element | Preaching. |
| 908 ## - PUT COMMAND PARAMETER (RLIN) | |
| Put command parameter | 050412 |
| 942 ## - ADDED ENTRY ELEMENTS (KOHA) | |
| Source of classification or shelving scheme | Library of Congress Classification |
| Koha item type | General circulation books |
| Withdrawn status | Lost status | Source of classification or shelving scheme | Damaged status | Not for loan | Home library | Current library | Date acquired | Source of acquisition | Total Checkouts | Full call number | Barcode | Date last seen | Date checked out | Price effective from | Koha item type |
|---|---|---|---|---|---|---|---|---|---|---|---|---|---|---|---|
| Library of Congress Classification | Presbyterian University of East Africa - Main Library | Presbyterian University of East Africa - Main Library | 26/12/2012 | Donation | 2 | BV4211 .B43 1948 | 020010004381 | 15/12/2025 | 21/11/2025 | 26/12/2012 | General circulation books |
